Top countries by Irish descendants - Statistics

General Stats
  • This quiz has been taken 88 times
  • The average score is 5 of 8
Answer Stats
Rough amount of Irish Country % Correct
33.348.049 USA
99%
15.500.000 UK
96%
7.000.000 Australia
89%
4.544.870 Canada
83%
1.000.000 Argentina
52%
330.000 South Africa
41%
120.000 Uruguay
31%
120.000 Chile
29%
No matching quizzes found
Score Distribution
Percent of People with Each Score
Percentile by Number Answered
Your Score History
You have not taken this quiz